|
|
|
|
| LEADER |
00000cam a2200000 i 4500 |
| 001 |
1/17849 |
| 008 |
120216s2011 gr | ||| |||| ||gre|| |
| 020 |
|
|
|a 9789600441932
|
| 035 |
|
|
|l 10111861
|
| 040 |
|
|
|a GR-MyUA
|b gre
|e AACR2
|
| 041 |
1 |
|
|a gre
|h eng
|
| 082 |
0 |
|
|a 304.28
|2 (22)
|
| 100 |
1 |
|
|a Ponting, Clive.
|
| 245 |
1 |
2 |
|a Η πράσινη ιστορία του κόσμου :
|b το περιβάλλον και η κατάρρευση των μεγάλων πολιτισμών /
|c Clive Ponting ; μετάφραση Πάνος Σταθογιάννης.
|
| 260 |
|
|
|a Αθήνα :
|b Κέδρος,
|c 2011.
|
| 300 |
|
|
|a 643 σ. ;
|c 24 εκ.
|
| 500 |
|
|
|a Τίτλος πρωτοτύπου: A green history of the world.
|
| 504 |
|
|
|a Βιβλιογραφία: σ. 609-620. Ευρετήριο: σ. 621-643.
|
| 650 |
0 |
0 |
|a Nature
|x Effect of human beings on.
|
| 650 |
0 |
0 |
|a Natural history.
|
| 650 |
0 |
0 |
|a Human ecology.
|
| 650 |
0 |
0 |
|a Natural resources.
|
| 700 |
1 |
|
|a Σταθογιάννης, Πάνος,
|e trl
|
| 852 |
|
|
|a INST
|b LESVOS
|e 20120216
|h 304.28 PON
|p 005100050781
|q 005100050781
|t BK
|y 0
|
| 852 |
|
|
|a INST
|b LESVOS
|e 20130412
|h 304.28 PON
|p 005100052572
|q 005100052572
|t BK
|y 0
|
| 901 |
|
|
|a BIBL1-2012-1
|
| 909 |
|
|
|a Λ
|b 173360
|
| 909 |
|
|
|a Λ
|b 177292
|
| 922 |
|
|
|a 1ΕΛΗ
|b 201210
|c ΤΜΗΜΑ ΠΕΡΙΒΑΛΛΟΝΤΟΣ
|d ΙΩΑΝΝΙΔΟΥ
|
| 970 |
|
|
|a ΤΖΑΦΕΡΗ
|b ΕΥΑΓΓΕΛΙΑ
|z 2012/02/16
|